00456nam a2200157Ia 4500008004100000020001800041082001700059100002200076245004100098250000700139260007000146300002300216500001900239600002000258650002000278240925s9999 xx 000 0 und d a9780071074087 a303.4834 CAV aCavanagh, Allison 0aSociology in the Age of the Internet aNA aNew Delhi:bMcGraw Hill Education (India) Private Limitedc,2010. a381p.b0fOriginal aIncludes Index aSocial Sciences aSocial Sciences